| Поле | Название | Значение |
| |
Тип записи |
a |
| |
Библиографический уровень |
a |
| 001 |
Контрольный номер |
RU/CBS_UL/BASE/099ceda7677343e1b47451831459f139 |
| 005 |
Дата корректировки |
20260316014014.9 |
| 100 |
Данные общей обработки |
__ |
| a |
Данные общей обработки |
20260316 ||| 0rusy0189 ca |
| 101 |
Язык документа |
0_ |
| a |
Язык текста |
rus |
| 102 |
Страна публикации |
__ |
| a |
Страна публикации |
RU |
| 200 |
Заглавие и сведения об ответственности |
1_ |
| a |
Заглавие |
Отец русской комедии |
| e |
Сведения, относящиеся к заглавию |
[о писателе Д. Фонвизине] |
| f |
Первые сведения об ответственности |
А. Воловик |
| 300 |
Общие примечания |
__ |
| a |
Общие примечания |
12+ |
| 461 |
Уровень набора |
_0 |
| 1 |
|
2000 |
| a |
|
Честь Отечества |
| 463 |
Уровень физической единицы |
_0 |
| 1 |
|
2000 |
| a |
|
№ 3-4 |
| v |
|
С. 48-49 : фот., ил. |
| 1 |
|
2101 |
| d |
|
2024 |
| 1 |
|
001RU/CBS_UL/BASE/71482678d97d43af8138cf17c941dee2 |
| 600 |
Персоналии |
_1 |
| a |
Персоналии (Фамилия) |
Фонвизин |
| b |
Персоналии (Имя, инициалы) |
Д.И. |
| 606 |
Тематические рубрики |
0_ |
| a |
Основная рубрика |
Фонвизин, Денис Иванович (1745-1792) |
| 610 |
Ключевые слова |
0_ |
| a |
Ключевые слова |
писатели, русские писатели, драматурги, драматурги екатерининской эпохи, авторы пьес, прозаики, поэты, переводчики, публицисты |
| 686 |
Индексы других классификаций |
__ |
| 2 |
Код системы |
rubbk |
| a |
Классификационный индекс |
83.3(2Рос=Рус)1 |
| 700 |
Автор |
_1 |
| a |
Фамилия |
Воловик |
| b |
Имя (инициалы) |
А. |
| 801 |
Источник записи |
_0 |
| a |
Страна |
RU |
| b |
Организация |
МБУК ЦБС г. Ульяновска |
| c |
Дата составления |
20260316 |
| g |
Правила каталогизации |
RCR |
| 801 |
Источник записи |
_1 |
| a |
Страна |
RU |
| b |
Организация |
МБУК ЦБС г. Ульяновска |
| c |
Дата составления |
20260316 |
| g |
Правила каталогизации |
RCR |
| 901 |
Тип документа |
__ |
| t |
Тип документа |
b |
| w |
Контрольный № источника |
RU/CBS_UL/BASE/71482678d97d43af8138cf17c941dee2 |
| 909 |
Создатель записи |
__ |
| a |
Создатель записи |
lib1 |